|
|
|
|
| LEADER |
03082cam a2200757 i 4500 |
| 001 |
nkc20253683163 |
| 003 |
CZ PrNK |
| 005 |
20260218093157.0 |
| 007 |
ta |
| 008 |
250630s2025 xr a g 6 000 0bcze d |
| 015 |
|
|
|a cnb003683163
|
| 020 |
|
|
|a 978-80-909443-4-3
|q (vázáno)
|
| 035 |
|
|
|a (OCoLC)1578134405
|
| 040 |
|
|
|a HKA001
|b cze
|d CBA001
|d BOA001
|e rda
|
| 041 |
1 |
|
|a cze
|h fre
|
| 043 |
|
|
|a e-uk-en
|a n-us---
|
| 045 |
|
|
|a w3x0
|
| 072 |
|
7 |
|a 77
|x Fotografie. Fotografické postupy
|2 Konspekt
|9 21
|
| 072 |
|
7 |
|a 929
|x Biografie
|2 Konspekt
|9 8
|
| 080 |
|
|
|a 77-051
|2 MRF
|
| 080 |
|
|
|a 001.894-051
|2 MRF
|
| 080 |
|
|
|a 343.611-051
|2 MRF
|
| 080 |
|
|
|a 929
|2 MRF
|
| 080 |
|
|
|a (410.1)
|2 MRF
|
| 080 |
|
|
|a (73)
|2 MRF
|
| 080 |
|
|
|a (092)741.52
|2 MRF
|
| 100 |
1 |
|
|a Delisle, Guy,
|d 1966-
|7 xx0089254
|4 aut
|4 clr
|4 ill
|
| 240 |
1 |
0 |
|a Pour une fraction de seconde.
|l Česky
|
| 245 |
1 |
0 |
|a Ve zlomku vteřiny /
|c barvy: Enki Dupaquier a Guy Delisle ; překlad: Jean-Gaspard Páleníček
|
| 250 |
|
|
|a Vydání první
|
| 264 |
|
1 |
|a Praha :
|b Centrala,
|c 2025
|
| 300 |
|
|
|a 207 nečíslovaných stran :
|b ilustrace (některé barevné) ;
|c 26 cm
|
| 336 |
|
|
|a text
|b txt
|2 rdacontent
|
| 336 |
|
|
|a statický obraz
|b sti
|2 rdacontent
|
| 337 |
|
|
|a bez média
|b n
|2 rdamedia
|
| 338 |
|
|
|a svazek
|b nc
|2 rdacarrier
|
| 490 |
1 |
|
|a Život
|
| 500 |
|
|
|a Přeloženo z francouzštiny
|
| 500 |
|
|
|a Scénář a kresba: Guy Delisle
|
| 500 |
|
|
|a Obálkový podnázev: bouřlivý život Eadwearda Muybridge
|
| 600 |
1 |
7 |
|a Muybridge, Eadweard,
|d 1830-1904
|7 jx20090907021
|2 czenas
|
| 648 |
|
4 |
|a 1830-1904
|
| 648 |
|
7 |
|a 19.-20. století
|7 ch757015
|2 czenas
|
| 650 |
0 |
7 |
|a fotografové
|7 ph120335
|z Anglie
|y 19.-20. století
|2 czenas
|
| 650 |
0 |
7 |
|a fotografové
|7 ph120335
|z Spojené státy americké
|y 19.-20. století
|2 czenas
|
| 650 |
0 |
7 |
|a objevitelé a vynálezci
|7 ph137320
|z Anglie
|y 19.-20. století
|2 czenas
|
| 650 |
0 |
7 |
|a objevitelé a vynálezci
|7 ph137320
|z Spojené státy americké
|y 19.-20. století
|2 czenas
|
| 650 |
0 |
7 |
|a vrazi
|7 ph127244
|z Anglie
|y 19.-20. století
|2 czenas
|
| 650 |
0 |
7 |
|a vrazi
|7 ph127244
|z Spojené státy americké
|y 19.-20. století
|2 czenas
|
| 650 |
0 |
9 |
|a photographers
|z England
|y 19th-20th centuries
|2 eczenas
|
| 650 |
0 |
9 |
|a photographers
|z United States
|y 19th-20th centuries
|2 eczenas
|
| 650 |
0 |
9 |
|a discoverers and inventors
|z England
|y 19th-20th centuries
|2 eczenas
|
| 650 |
0 |
9 |
|a discoverers and inventors
|z United States
|y 19th-20th centuries
|2 eczenas
|
| 650 |
0 |
9 |
|a murderers
|z England
|y 19th-20th centuries
|2 eczenas
|
| 650 |
0 |
9 |
|a murderers
|z United States
|y 19th-20th centuries
|2 eczenas
|
| 655 |
|
7 |
|a biografické komiksy
|7 fd1057461
|2 czenas
|
| 655 |
|
9 |
|a biographical comics
|2 eczenas
|
| 700 |
1 |
|
|a Dupaquier, Enki
|7 hka20251266772
|4 clr
|
| 700 |
1 |
|
|a Páleníček, Jean-Gaspard,
|d 1978-
|7 ola2002113946
|4 trl
|
| 830 |
|
0 |
|a Život (Centrala)
|0 s
|
| 910 |
2 |
|
|a BOA001
|b 3-1555.052
|
| 920 |
|
|
|a 1377111
|z CBA001
|
| 990 |
|
|
|a BK
|
| 995 |
|
|
|a 01
|
| 991 |
|
|
|b 202512
|c NOV
|
| 996 |
6 |
|
|b 2611019317
|c 3-1555.052
|l MZK
|r Sklad / do 1 hodiny
|n 0
|p p.v.
|w 002027552
|u 000010
|a 1
|e BOA001
|j MZK50
|s P
|